000 00218nam a22000857a 4500
008 161031b xxu||||| |||| 00| 0 eng d
100 _9988
_aSingh Yuvraj
245 _aThe Test of My Life
260 _aIndia
_bRandom House
_c2013
999 _c3646
_d3646